Four Letter Answers - Statistics

General Stats
  • This quiz has been taken 210 times
  • The average score is 8 of 12
Answer Stats
Hint Answer % Correct
Name of a Continent Asia
98%
Animal that lives in water Fish
92%
Multiple six sided cubes with spots Dice
80%
Oceanic Country Fiji
73%
Apple Product Ipad
73%
Round dish used for preparing, serving & consuming food Bowl
66%
Bring or come to an abrupt stop Halt
65%
2000's TV Show about plane crash onto mysterious island Lost
64%
A set of words set to music that is meant to be sung Song
64%
Popular boys name & Name of a country Chad
63%
Story shown in cinema or television Film
61%
Fruit / Bird / People Kiwi
37%
No matching quizzes found
Score Distribution
Percent of People with Each Score
Percentile by Number Answered
Your Score History
You have not taken this quiz